[Event "Mardi 2023.09.26"]
[Site "Laval CAN"]
[Date "2023.10.24"]
[Round "5.6"]
[White "Giroux, Robert"]
[Black "Sekki, Abderaouf"]
[Result "0-1"]
[WhiteElo "1790"]
[BlackElo "1875"]
[PlyCount "102"]
[EventDate "2023.09.26"]
[EventType "swiss"]
[EventRounds "5"]
[EventCountry "CAN"]

1. Nf3 f5 2. b3 Nf6 3. Bb2 e6 4. g3 b6 5. Bg2 Bb7 6. c4 Be7 7. O-O O-O 8. Qc2
d6 9. d4 Qc8 10. Nc3 Ne4 11. Nd2 Nxd2 12. Qxd2 Bxg2 13. Kxg2 Qb7+ 14. d5 e5 15.
e4 f4 16. f3 Nd7 17. Ne2 Bg5 18. gxf4 Bxf4 19. Nxf4 Rxf4 20. Bc1 Raf8 21. Qe2
R4f7 22. Be3 Qc8 23. b4 Nf6 24. c5 Nh5 25. cxd6 cxd6 26. Rac1 Qd8 27. Qf2 Rxf3
28. Qxf3 Rxf3 29. Rxf3 Qd7 30. Bf2 Qg4+ 31. Bg3 Nf6 32. Rc7 Qxe4 33. Rc8+ Kf7
34. Rc7+ Kg6 35. Rxa7 Qxd5 36. Kf2 Qd4+ 37. Kg2 Qxb4 38. Ra8 e4 39. Rf4 Qd2+
40. Kh3 e3 41. Rf1 e2 42. Re1 d5 43. Ra3 d4 44. Rb3 d3 45. Rxb6 Qxa2 46. Bf4
Kf5 47. Be3 Ke4 48. Rbb1 Kxe3 49. Rg1 Qxb1 50. Rxb1 d2 51. Kg2 e1=Q 0-1

[Event "Mardi 2023.09.26"]
[Site "Laval CAN"]
[Date "2023.10.24"]
[Round "5.7"]
[White "Deschamps, Martin"]
[Black "Lafleche, Alain"]
[Result "0-1"]
[WhiteElo "1780"]
[BlackElo "1633"]
[PlyCount "118"]
[EventDate "2023.09.26"]
[EventType "swiss"]
[EventRounds "5"]
[EventCountry "CAN"]

1. c4 Nf6 2. Nc3 g6 3. Nf3 Bg7 4. g3 O-O 5. Bg2 d6 6. O-O Nc6 7. d4 e6 8. e4 a6
9. Be3 h6 10. h3 Rb8 11. Qe2 Nh7 12. Rfd1 Bd7 13. Rab1 Qc8 14. Kh2 f5 15. d5
Ne5 16. Nxe5 dxe5 17. Bc5 Rf7 18. exf5 exf5 19. d6 c6 20. Bb6 Qf8 21. h4 Re8
22. Qd2 g5 23. Bh3 gxh4 24. gxh4 e4 25. Rg1 Kh8 26. Kh1 f4 27. Bxd7 Rxd7 28.
Bd4 Qf5 29. Rxg7 Rxg7 30. Bxg7+ Kxg7 31. Qd4+ Nf6 32. Kh2 f3 33. Rg1+ Kf7 34.
Rg3 Qf4 35. d7 Rd8 36. Nxe4 Qxh4+ 37. Kg1 Qxe4 38. Qxe4 Nxe4 39. Rxf3+ Kg6 40.
Re3 Nf6 41. b4 Rxd7 42. a4 Kf7 43. b5 Rd1+ 44. Kg2 Rc1 45. bxa6 bxa6 46. Rh3
Rxc4 47. Rxh6 Rxa4 48. Kf3 a5 49. Ke2 Ra3 50. Rh8 Ke6 51. Rd8 Nd7 52. f4 c5 53.
f5+ Ke7 54. Rc8 a4 55. Rc7 Kd8 56. Rc6 Rh3 57. f6 a3 58. Re6 a2 59. f7 a1=Q 0-1

[Event "Mardi 2023.09.26"]
[Site "Laval CAN"]
[Date "2023.10.24"]
[Round "5.8"]
[White "Beaupre, Eugene jr"]
[Black "Deboosere, Adam"]
[Result "0-1"]
[WhiteElo "1896"]
[BlackElo "2016"]
[PlyCount "76"]
[EventDate "2023.09.26"]
[EventType "swiss"]
[EventRounds "5"]
[EventCountry "CAN"]

1. e4 c5 2. Nc3 a6 3. a4 Nc6 4. f4 g6 5. Nf3 Bg7 6. Bc4 e6 7. O-O Nge7 8. d3 d5
9. exd5 exd5 10. Bb3 O-O 11. Qe1 Qd6 12. Be3 Bf5 13. Bf2 Bg4 14. Bg3 Bxf3 15.
Rxf3 Nd4 16. Rf1 c4 17. dxc4 dxc4 18. Bxc4 Nxc2 19. Rd1 Bd4+ 20. Rxd4 Qxd4+ 21.
Qf2 Qxf2+ 22. Bxf2 Rac8 23. Bb3 Nb4 24. Ne4 Rfd8 25. Be1 Nbd5 26. Bh4 Kf8 27.
Bxd5 Rxd5 28. Nf6 Rd2 29. g4 Rcc2 30. Re1 Re2 31. Rd1 Rcd2 32. Nd7+ Kg7 33.
Rxd2 Rxd2 34. Bf6+ Kg8 35. Nc5 Nd5 36. Ne4 Rd1+ 37. Kf2 Nxf6 38. Nxf6+ Kg7 0-1

[Event "Mardi 2023.09.26"]
[Site "Laval CAN"]
[Date "2023.10.24"]
[Round "5.9"]
[White "Lesage, Philippe"]
[Black "Sasportas, Moshe"]
[Result "1-0"]
[WhiteElo "1878"]
[BlackElo "1625"]
[PlyCount "100"]
[EventDate "2023.09.26"]
[EventType "swiss"]
[EventRounds "5"]
[EventCountry "CAN"]

1. c4 c5 2. Nf3 Nf6 3. Nc3 g6 4. g3 Bg7 5. Bg2 Nc6 6. O-O O-O 7. d4 cxd4 8.
Nxd4 Nxd4 9. Qxd4 d6 10. Qd3 Bf5 11. e4 Be6 12. Bd2 Rc8 13. b3 Nd7 14. Rac1 Nc5
15. Qe2 Qd7 16. Nd5 Rfe8 17. Nf4 f5 18. Nxe6 Qxe6 19. f3 fxe4 20. fxe4 Rf8 21.
Bf4 a5 22. e5 Kh8 23. Bd5 Qd7 24. e6 Qe8 25. Qd2 b6 26. Rce1 Rf5 27. g4 Rxf4
28. Rxf4 g5 29. Rf7 Bf6 30. Qc2 Qg8 31. Qf5 Rf8 32. Kg2 Rxf7 33. exf7 Qf8 34.
Re3 Kg7 35. Rh3 h6 36. Re3 Bd4 37. Rf3 Be5 38. a3 Bf6 39. b4 Na4 40. bxa5 bxa5
41. Rb3 Nc5 42. Rb5 a4 43. Ra5 Qb8 44. Rb5 Qf8 45. Ra5 Qb8 46. Ra8 Qxa8 47.
Bxa8 Kxf7 48. Qh7+ Bg7 49. Qf5+ Bf6 50. Be4 Kg7 1-0

[Event "Mardi 2023.09.26"]
[Site "Laval CAN"]
[Date "2023.10.24"]
[Round "5.10"]
[White "Jutras, Marc-Andre"]
[Black "Arseneau, Mathias"]
[Result "1-0"]
[WhiteElo "1799"]
[BlackElo "1715"]
[PlyCount "111"]
[EventDate "2023.09.26"]
[EventType "swiss"]
[EventRounds "5"]
[EventCountry "CAN"]

1. c4 e5 2. g3 Nf6 3. Bg2 c6 4. d4 exd4 5. Qxd4 Na6 6. Nc3 Nb4 7. Qd1 Be7 8. a3
Na6 9. e4 d6 10. Nge2 Be6 11. b3 O-O 12. O-O Re8 13. Nd4 Nc7 14. Bf4 Qd7 15.
Qd2 Bh3 16. Rad1 Bxg2 17. Kxg2 Ne6 18. Nf5 Nxf4+ 19. Qxf4 Qc7 20. c5 Qa5 21.
cxd6 Bd8 22. Qg5 g6 23. Ne7+ Kg7 24. Qxa5 Bxa5 25. b4 Bd8 26. Rd3 Bxe7 27. dxe7
Rxe7 28. f3 Rd7 29. Rxd7 Nxd7 30. Rd1 Ne5 31. Kf2 a5 32. b5 cxb5 33. Nxb5 Rc8
34. Rd5 Rc2+ 35. Ke3 Nc6 36. Rd7 Kf6 37. Rxb7 Rxh2 38. Rb6 Rc2 39. Nd4 Rc3+ 40.
Kd2 Rxa3 41. Nxc6 a4 42. Ke2 h5 43. Rb5 Rb3 44. e5+ Kg7 45. Ra5 a3 46. Nd4 Rb2+
47. Kd3 a2 48. Ra7 Kh6 49. Ne2 g5 50. Nc3 h4 51. gxh4 gxh4 52. Nxa2 h3 53. Nc3
Rf2 54. Ke3 Rf1 55. Ra2 Rh1 56. Kf4 1-0

[Event "Maritime op"]
[Site "Summerside CAN"]
[Date "2023.10.07"]
[Round "1"]
[White "Kapra, Jerjis"]
[Black "Cliche, Philippe"]
[Result "1-0"]
[WhiteElo "2261"]
[BlackElo "1931"]
[PlyCount "45"]
[EventDate "2023.10.07"]
[EventType "swiss"]
[EventRounds "6"]
[EventCountry "CAN"]

1. e4 c5 2. Nc3 d6 3. Bb5+ Nc6 4. Bxc6+ bxc6 5. f4 e6 6. d3 Be7 7. Nf3 Nf6 8.
O-O O-O 9. Qe1 Bd7 10. b3 Qc7 11. Na4 Ne8 12. e5 a5 13. Be3 c4 14. Nb6 Ra6 15.
Nxd7 Qxd7 16. dxc4 d5 17. Rd1 c5 18. f5 Qb7 19. f6 gxf6 20. Bh6 Kh8 21. exf6
Nxf6 22. Ne5 Qb8 23. Qg3 1-0

[Event "Maritime op"]
[Site "Summerside CAN"]
[Date "2023.10.07"]
[Round "1"]
[White "Melgar, Fernando"]
[Black "Dorrance, Adam"]
[Result "0-1"]
[WhiteElo "1932"]
[BlackElo "2395"]
[PlyCount "76"]
[EventDate "2023.10.07"]
[EventType "swiss"]
[EventRounds "6"]
[EventCountry "CAN"]

1. e4 e6 2. c4 c5 3. Nf3 Nc6 4. d4 cxd4 5. Nxd4 Nf6 6. Nc3 Bb4 7. Nxc6 bxc6 8.
Bd3 e5 9. Bd2 a5 10. O-O Bc5 11. h3 O-O 12. Re1 d6 13. Rc1 Be6 14. Na4 Nd7 15.
a3 Rb8 16. Qc2 Bd4 17. Bc3 Qg5 18. Bxd4 exd4 19. Rf1 Qf4 20. g3 Qh6 21. h4 Bh3
22. Rfd1 Ne5 23. f4 Ng4 24. Re1 c5 25. Rb1 Ne3 26. Qh2 Bd7 27. b3 Qe6 28. Rec1
Qe8 29. Bc2 Bxa4 30. bxa4 Nxc4 31. Rb3 Rxb3 32. Bxb3 Ne3 33. e5 Qb8 34. Qa2
dxe5 35. Rxc5 exf4 36. Rxa5 fxg3 37. Rb5 Qf4 38. Qe2 d3 0-1

[Event "Maritime op"]
[Site "Summerside CAN"]
[Date "2023.10.07"]
[Round "2"]
[White "Dorrance, Adam"]
[Black "Moreno, Jorge"]
[Result "1-0"]
[WhiteElo "2395"]
[BlackElo "2076"]
[PlyCount "157"]
[EventDate "2023.10.07"]
[EventType "swiss"]
[EventRounds "6"]
[EventCountry "CAN"]

1. d4 Nf6 2. c4 e6 3. g3 Bb4+ 4. Nd2 O-O 5. Bg2 d5 6. Ngf3 b6 7. O-O Bb7 8. Ne5
Bd6 9. Ndf3 h6 10. Qa4 c5 11. dxc5 bxc5 12. cxd5 exd5 13. Ng4 Bc6 14. Nxf6+
Qxf6 15. Qc2 Nd7 16. Nh4 Rfe8 17. Rd1 Nb6 18. a4 a5 19. Nf5 Bf8 20. Ne3 Red8
21. Bd2 d4 22. Nc4 Bxg2 23. Kxg2 Nxc4 24. Qxc4 Rdb8 25. b3 Qe6 26. Rab1 Bd6 27.
Rdc1 Rc8 28. Rc2 Kf8 29. Qd3 Kg8 30. Kg1 Be7 31. Re1 Rcb8 32. Rc4 Qb6 33. Rb1
Rd8 34. Bc1 Rac8 35. Bd2 Ra8 36. Rcc1 Qe6 37. Qc4 Kf8 38. Qb5 Rdb8 39. Qd3 Kg8
40. Re1 Rd8 41. Bf4 Qa6 42. Rbc1 Qe6 43. Bc7 Rdc8 44. Bf4 Rd8 45. e3 Qd7 46.
exd4 Bf6 47. d5 Bd4 48. d6 Re8 49. h4 Qg4 50. Kg2 Rad8 51. Qb5 Rxe1 52. Rxe1 g5
53. hxg5 hxg5 54. Re8+ Rxe8 55. Qxe8+ Kg7 56. Be5+ Bxe5 57. Qxe5+ Kg6 58. Qd5
Qd7 59. Qxc5 Qb7+ 60. Kh2 f5 61. Qd4 Qh7+ 62. Kg1 Qd7 63. Qe5 Qc8 64. Qe7 f4
65. Qe4+ Kf6 66. Qe7+ Kg6 67. d7 Qc1+ 68. Kg2 Qc6+ 69. Kh2 fxg3+ 70. Kxg3 Qc3+
71. f3 Qc7+ 72. Kh3 Qc1 73. Qd6+ Kh5 74. Kg2 Qc2+ 75. Kf1 Qc1+ 76. Ke2 Qb2+ 77.
Ke1 Qc1+ 78. Qd1 Qe3+ 79. Kf1 1-0

[Event "Maritime op"]
[Site "Summerside CAN"]
[Date "2023.10.07"]
[Round "2"]
[White "Pickard, Ryan"]
[Black "Kapra, Jerjis"]
[Result "0-1"]
[WhiteElo "1847"]
[BlackElo "2261"]
[PlyCount "58"]
[EventDate "2023.10.07"]
[EventType "swiss"]
[EventRounds "6"]
[EventCountry "CAN"]

1. b3 d5 2. Bb2 Bf5 3. e3 Nd7 4. Nf3 e6 5. c4 c6 6. Be2 h6 7. Na3 Ngf6 8. Nc2
Bd6 9. O-O e5 10. d4 e4 11. Ne5 Qe7 12. f4 exf3 13. Rxf3 Bxc2 14. Qxc2 Nxe5 15.
dxe5 Bxe5 16. Raf1 O-O 17. Bc1 Ne4 18. Bd3 Rad8 19. Kh1 Nf6 20. Rh3 Rfe8 21.
Bd2 Qd6 22. c5 Qc7 23. Bc3 Bxc3 24. Qxc3 Qe5 25. Qe1 Ne4 26. b4 Qc3 27. Qe2 Qd2
28. Qf3 Qxd3 29. Qxf7+ Kh8 0-1

[Event "Maritime op"]
[Site "Summerside CAN"]
[Date "2023.10.08"]
[Round "3"]
[White "Kapra, Jerjis"]
[Black "Manley, Jason"]
[Result "1/2-1/2"]
[WhiteElo "2261"]
[BlackElo "2141"]
[PlyCount "59"]
[EventDate "2023.10.07"]
[EventType "swiss"]
[EventRounds "6"]
[EventCountry "CAN"]

1. e4 e6 2. d4 d5 3. e5 c5 4. c3 Qb6 5. Nf3 Bd7 6. Bd3 cxd4 7. Nxd4 Nc6 8. Nxc6
bxc6 9. Nd2 Ne7 10. O-O Ng6 11. Nf3 Be7 12. h4 Qc7 13. g3 f6 14. Bxg6+ hxg6 15.
Re1 Kf7 16. Qd4 c5 17. Qf4 f5 18. Be3 Rab8 19. Re2 Qa5 20. a3 Qa4 21. Qxa4 Bxa4
22. b4 cxb4 23. axb4 Bb5 24. Rea2 a6 25. Nd4 Bc4 26. Ra3 Rhc8 27. f4 Bd3 28.
Kf2 a5 29. Rxa5 Rxc3 30. R5a3 1/2-1/2

[Event "Maritime op"]
[Site "Summerside CAN"]
[Date "2023.10.08"]
[Round "3"]
[White "Tumennasan, Norovsambuu"]
[Black "Dorrance, Adam"]
[Result "0-1"]
[WhiteElo "1721"]
[BlackElo "2395"]
[PlyCount "131"]
[EventDate "2023.10.07"]
[EventType "swiss"]
[EventRounds "6"]
[EventCountry "CAN"]

1. d4 d5 2. c4 e6 3. g3 Nf6 4. Bg2 dxc4 5. a4 Bb4+ 6. Bd2 a5 7. Nf3 Nc6 8. e3
Bd6 9. Qc2 e5 10. dxe5 Bxe5 11. O-O Bd6 12. Na3 Nb4 13. Qxc4 Be6 14. Qe2 c6 15.
Nc4 O-O 16. Rfd1 Qe7 17. Nd4 Bg4 18. f3 Bd7 19. Nb6 Rad8 20. Be1 Bc5 21. Nxd7
Rxd7 22. Bxb4 axb4 23. Kf2 Rfd8 24. Rd3 Bxd4 25. exd4 Qxe2+ 26. Kxe2 Rxd4 27.
Rad1 R4d7 28. Bh3 Re8+ 29. Kf2 Rxd3 30. Rxd3 Kf8 31. Bf1 Ke7 32. Ke3 Nd5+ 33.
Kd2 Kd6 34. f4 Kc5 35. Bg2 Rd8 36. Kc2 Rd7 37. Kb3 Nb6 38. Rxd7 Nxd7 39. Bf1
Nf6 40. Bc4 Nd5 41. a5 f6 42. Bd3 h6 43. Ka4 Ne3 44. a6 bxa6 45. Bxa6 Nc4 46.
b3 Nd2 47. g4 Kb6 48. Bd3 c5 49. h4 g5 50. hxg5 hxg5 51. f5 Nf3 52. Be2 Nd2 53.
Bd3 Kc6 54. Bc2 Kd5 55. Kb5 Nf3 56. Bd3 Ne5 57. Be2 Kd4 58. Bd1 Kc3 59. Kxc5
Kd2 60. Kxb4 Kxd1 61. Kc5 Nxg4 62. b4 Ne5 63. b5 g4 64. Kd4 g3 65. Ke3 Ke1 66.
Kd4 0-1

[Event "Maritime op"]
[Site "Summerside CAN"]
[Date "2023.10.08"]
[Round "4"]
[White "Manley, Jason"]
[Black "Zhang, Brian"]
[Result "1/2-1/2"]
[WhiteElo "2141"]
[BlackElo "2000"]
[PlyCount "118"]
[EventDate "2023.10.07"]
[EventType "swiss"]
[EventRounds "6"]
[EventCountry "CAN"]

1. Nf3 d5 2. g3 Nf6 3. Bg2 Bf5 4. c4 c6 5. Qb3 Qb6 6. d4 e6 7. O-O Nbd7 8. Nh4
Bg6 9. Nxg6 hxg6 10. Nc3 Be7 11. Rd1 O-O 12. e4 Nxe4 13. Nxe4 dxe4 14. Bxe4 Nf6
15. Qxb6 axb6 16. Bf3 Rfd8 17. Be3 Rd7 18. Kf1 Ra4 19. b3 Ra6 20. Ke2 Kf8 21.
Rd3 Ke8 22. Kd2 Kd8 23. Kc3 Kc7 24. Rdd1 Ra8 25. a4 Ne8 26. b4 Rad8 27. a5 bxa5
28. Rxa5 g5 29. Bxg5 Bxg5 30. Rxg5 f6 31. Ra5 Nd6 32. b5 Nf5 33. bxc6 Rxd4 34.
Rxd4 Nxd4 35. Bd5 exd5 36. Kxd4 dxc4+ 37. Kxc4 Kxc6 38. Rc5+ Kb6 39. Rh5 Rd2
40. f4 Kc6 41. Rh7 Rd7 42. h4 b5+ 43. Kc3 Kc5 44. g4 Kd5 45. Rh5+ Kc6 46. g5
fxg5 47. fxg5 Rf7 48. Rh7 Kd6 49. Kb4 Ke6 50. Kxb5 Kf5 51. Kc5 Kg6 52. Rh8 Rd7
53. Kc6 Rd4 54. Kc5 Rd7 55. Rb8 Kh5 56. Rb4 Rd3 57. Re4 Rh3 58. Re7 Rxh4 59.
Rxg7 Rg4 1/2-1/2

[Event "Maritime op"]
[Site "Summerside CAN"]
[Date "2023.10.08"]
[Round "4"]
[White "Marchand, Calix"]
[Black "Kapra, Jerjis"]
[Result "1/2-1/2"]
[WhiteElo "2057"]
[BlackElo "2261"]
[PlyCount "72"]
[EventDate "2023.10.07"]
[EventType "swiss"]
[EventRounds "6"]
[EventCountry "CAN"]

1. e4 e5 2. Nc3 Nf6 3. g3 Bc5 4. Bg2 O-O 5. Nge2 Nc6 6. O-O a5 7. d3 d6 8. h3
Nd4 9. Kh2 c6 10. f4 Ne8 11. Be3 a4 12. Qd2 Qb6 13. Nd1 Nxe2 14. Qxe2 Bxe3 15.
Qxe3 Qxe3 16. Nxe3 f6 17. c3 Nc7 18. d4 exd4 19. cxd4 Re8 20. Rfe1 Nb5 21. d5
Bd7 22. Rad1 a3 23. Rd2 axb2 24. Rxb2 Ra4 25. Rc1 cxd5 26. Nxd5 Bc6 27. Rd1 Rd4
28. Rxd4 Nxd4 29. Rd2 Ne6 30. Nb4 Rd8 31. Nxc6 bxc6 32. Bf1 Kf8 33. Kg2 Ke7 34.
Rb2 Nc5 35. Rc2 Ke6 36. Bc4+ Kd7 1/2-1/2

[Event "Maritime op"]
[Site "Summerside CAN"]
[Date "2023.10.09"]
[Round "5"]
[White "Ramirez-Orta, Juan"]
[Black "Dorrance, Adam"]
[Result "0-1"]
[WhiteElo "2049"]
[BlackElo "2395"]
[PlyCount "94"]
[EventDate "2023.10.07"]
[EventType "swiss"]
[EventRounds "6"]
[EventCountry "CAN"]

1. e4 e6 2. d4 d5 3. Nc3 Nf6 4. e5 Nfd7 5. f4 c5 6. dxc5 Nc6 7. Be3 Bxc5 8.
Bxc5 Nxc5 9. Nf3 f6 10. Bd3 O-O 11. Qe2 Nxd3+ 12. cxd3 Qb6 13. O-O-O Nd4 14.
Nxd4 Qxd4 15. g3 Bd7 16. Rd2 b5 17. Re1 b4 18. Nd1 Rac8+ 19. Kb1 Rc7 20. Rc2
Rxc2 21. Qxc2 Rc8 22. Qd2 Ba4 23. b3 Bb5 24. Re3 fxe5 25. fxe5 a5 26. Nb2 Rf8
27. Qe1 Rf1 28. Qxf1 Qxe3 29. Kc2 Qxe5 30. Qf3 h6 31. Qd1 Qc3+ 32. Kb1 e5 33.
Qc2 Qe1+ 34. Qc1 Qc3 35. Qc2 h5 36. Kc1 Qe1+ 37. Qd1 Qe3+ 38. Kc2 Be8 39. Qd2
Qc5+ 40. Kb1 Bg6 41. Qe2 e4 42. Na4 Qg1+ 43. Kb2 e3 44. Kc2 d4 45. Nb2 h4 46.
gxh4 Qf2 47. Kd1 Bh5 0-1

[Event "Maritime op"]
[Site "Summerside CAN"]
[Date "2023.10.09"]
[Round "5"]
[White "Zhang, Brian"]
[Black "Kalinin, Dzmitry"]
[Result "0-1"]
[WhiteElo "2000"]
[BlackElo "2232"]
[PlyCount "58"]
[EventDate "2023.10.07"]
[EventType "swiss"]
[EventRounds "6"]
[EventCountry "CAN"]

1. e4 e6 2. d4 d5 3. e5 c5 4. c3 Nc6 5. Nf3 Qb6 6. a3 Nh6 7. b4 cxd4 8. cxd4
Nf5 9. Bb2 Bd7 10. g4 Nfe7 11. h3 Rc8 12. Nc3 Na5 13. Na4 Qc6 14. Nc5 Nc4 15.
Bc1 b6 16. Nxd7 Qxd7 17. Be3 Ng6 18. Nd2 Nxe3 19. fxe3 Be7 20. Bd3 O-O 21. O-O
Rc3 22. Nb1 Rc7 23. Ra2 Bg5 24. Qe2 f6 25. exf6 Qd6 26. Qg2 Bxe3+ 27. Kh1 Nh4
28. fxg7 Rxf1+ 29. Qxf1 Rc1 0-1

[Event "Maritime op"]
[Site "Summerside CAN"]
[Date "2023.10.09"]
[Round "6"]
[White "Dorrance, Adam"]
[Black "Dec, Paul"]
[Result "1-0"]
[WhiteElo "2395"]
[BlackElo "2045"]
[PlyCount "45"]
[EventDate "2023.10.07"]
[EventType "swiss"]
[EventRounds "6"]
[EventCountry "CAN"]

1. d4 g6 2. Nf3 Bg7 3. g3 d6 4. c4 f5 5. Nc3 Nf6 6. Bg2 O-O 7. O-O Qe8 8. d5
Na6 9. Nd4 Nc5 10. Ncb5 Qd8 11. b4 Nce4 12. f3 e5 13. dxe6 c5 14. fxe4 cxd4 15.
exf5 gxf5 16. Nxd4 Ne4 17. Be3 Qe7 18. Rxf5 Bxe6 19. Rxf8+ Rxf8 20. Bxe4 Bf5
21. Bd5+ Kh8 22. Nxf5 Rxf5 23. Bd4 1-0

[Event "Maritime op"]
[Site "Summerside CAN"]
[Date "2023.10.09"]
[Round "6"]
[White "Kalinin, Dzmitry"]
[Black "Moreno, Jorge"]
[Result "1/2-1/2"]
[WhiteElo "2232"]
[BlackElo "2076"]
[PlyCount "47"]
[EventDate "2023.10.07"]
[EventType "swiss"]
[EventRounds "6"]
[EventCountry "CAN"]

1. d4 d5 2. Nf3 Nf6 3. c4 c6 4. Nc3 e6 5. cxd5 exd5 6. Qc2 g6 7. Bg5 Be7 8. e3
Bf5 9. Bd3 Bxd3 10. Qxd3 Nbd7 11. Bh6 Ng4 12. Bf4 h5 13. h3 Ngf6 14. O-O O-O
15. Bh6 Re8 16. Ne5 Nxe5 17. dxe5 Nd7 18. e6 Nc5 19. exf7+ Kxf7 20. Qc2 Bg5 21.
Bxg5 Qxg5 22. Ne2 Ne4 23. b4 Nd6 24. Nd4 1/2-1/2

[Event "Martin Jaeger mem."]
[Site "Winnipeg CAN"]
[Date "2023.01.10"]
[Round "1.1"]
[White "Dhillon, Iqvinder"]
[Black "Baron, Gustav"]
[Result "0-1"]
[WhiteElo "1584"]
[BlackElo "2070"]
[PlyCount "40"]
[EventDate "2023.01.10"]
[EventType "swiss"]
[EventRounds "4"]
[EventCountry "CAN"]

1. d4 Nf6 2. Nf3 d5 3. e3 Bf5 4. Bd3 Bg6 5. O-O c5 6. c3 Qb6 7. Qa4+ Nc6 8. Bb5
Rc8 9. Ne5 e6 10. b4 cxb4 11. c4 dxc4 12. Nxc4 Qc7 13. Qxa7 Bd3 14. Qa4 Bxf1
15. Kxf1 Be7 16. Ne5 O-O 17. f4 Nd5 18. Bxc6 bxc6 19. Qb3 c5 20. dxc5 Qxc5 0-1

[Event "Martin Jaeger mem."]
[Site "Winnipeg CAN"]
[Date "2023.01.10"]
[Round "1.2"]
[White "Boron, Anthony"]
[Black "Remillard, John"]
[Result "1-0"]
[WhiteElo "2020"]
[BlackElo "1573"]
[PlyCount "97"]
[EventDate "2023.01.10"]
[EventType "swiss"]
[EventRounds "4"]
[EventCountry "CAN"]

1. e4 d5 2. exd5 Qxd5 3. Nc3 Qd8 4. Nf3 Bg4 5. Bc4 Nf6 6. Bxf7+ Kxf7 7. Ne5+
Ke8 8. Nxg4 Nxg4 9. Qxg4 Qd7 10. Qh5+ Kd8 11. O-O Nc6 12. d3 Nd4 13. Qd1 h5 14.
Ne4 Qf5 15. c3 Ne6 16. Qb3 Rb8 17. Be3 b6 18. Rae1 h4 19. f3 Nf4 20. Bxf4 Qxf4
21. Qd5+ Kc8 22. Qg5 Qf7 23. Qg4+ Kb7 24. b3 e6 25. Ng5 Qd7 26. Qe4+ c6 27.
Nxe6 Bd6 28. Qg4 Qf7 29. Qxg7 Qxg7 30. Nxg7 Rbg8 31. Nf5 Bf4 32. Re4 h3 33. g4
Bd2 34. Nd6+ Kc7 35. Nf7 Rh5 36. Re7+ Kb8 37. Ne5 Rh6 38. c4 Bc3 39. Rd1 Rf6
40. Nd7+ Ka8 41. Nxf6 Bxf6 42. Re4 c5 43. d4 cxd4 44. Rexd4 Bxd4+ 45. Rxd4 Kb7
46. Kf2 Kc6 47. Kg3 Rf8 48. g5 b5 49. g6 1-0

[Event "Martin Jaeger mem."]
[Site "Winnipeg CAN"]
[Date "2023.01.10"]
[Round "1.3"]
[White "Pearce, Thomas"]
[Black "Letain, Cory"]
[Result "0-1"]
[WhiteElo "1562"]
[BlackElo "1769"]
[PlyCount "122"]
[EventDate "2023.01.10"]
[EventType "swiss"]
[EventRounds "4"]
[EventCountry "CAN"]

1. d4 f5 2. c4 Nf6 3. Nc3 e6 4. Bg5 Be7 5. e3 O-O 6. Bd3 b6 7. Nf3 Bb7 8. O-O
d5 9. Ne5 Nbd7 10. Qc2 c6 11. Rab1 Nxe5 12. dxe5 Ng4 13. Bxe7 Qxe7 14. b3 Qh4
15. h3 Nxe5 16. Be2 Rf6 17. f4 Ng4 18. Bxg4 fxg4 19. Qf2 Qxf2+ 20. Rxf2 gxh3
21. gxh3 dxc4 22. bxc4 c5 23. e4 Rd8 24. e5 Rg6+ 25. Kh2 Rd3 26. Ne2 Rh6 27.
Ng1 Be4 28. Rb3 Rd1 29. Ra3 Rg6 30. Nf3 Bxf3 31. Raxf3 Rgg1 32. Rg2 Rh1+ 33.
Kg3 Rc1 34. Kg4 Rxc4 35. Kg5 Rd4 36. Rgg3 c4 37. f5 Re1 38. Re3 Rxe3 39. Rxe3
Kf7 40. Rf3 exf5 41. Rxf5+ Ke6 42. a3 Re4 43. Rf1 Rxe5+ 44. Kg4 Re3 45. a4 c3
46. Kf4 Rxh3 47. Re1+ Kd5 48. Rd1+ Kc4 49. Rb1 c2 50. Rc1 Kc3 51. Kg4 Rd3 52.
Kf4 Rd1 53. Rxc2+ Kxc2 54. Ke5 Rf1 55. Kd6 h5 56. Kc7 h4 57. Kb7 h3 58. Kxa7 h2
59. Kxb6 h1=Q 60. a5 Rb1+ 61. Ka6 Qb7# 0-1

[Event "Martin Jaeger mem."]
[Site "Winnipeg CAN"]
[Date "2023.01.10"]
[Round "1.4"]
[White "Vaughan, Nathan"]
[Black "Odeyemi, Emmanuel"]
[Result "1-0"]
[WhiteElo "1737"]
[BlackElo "1486"]
[PlyCount "125"]
[EventDate "2023.01.10"]
[EventType "swiss"]
[EventRounds "4"]
[EventCountry "CAN"]

1. e4 e5 2. Nf3 Nc6 3. Bb5 d6 4. d4 Bd7 5. Nc3 Nf6 6. O-O Be7 7. Re1 O-O 8.
Bxc6 Bxc6 9. dxe5 dxe5 10. Qxd8 Raxd8 11. Bg5 h6 12. Bh4 b6 13. Nxe5 Be8 14.
Rad1 g5 15. Rxd8 Bxd8 16. Bg3 Nh5 17. Rd1 Bf6 18. Nd5 c6 19. Nxf6+ Nxf6 20. f3
c5 21. c4 Nh5 22. Rd8 Nxg3 23. hxg3 f6 24. Nd7 Bxd7 25. Rxd7 Rf7 26. Rxf7 Kxf7
27. g4 Ke6 28. Kf2 Ke5 29. Ke3 a6 30. a4 Kd6 31. f4 Ke6 32. g3 Kd6 33. Kd3 Ke6
34. Kc3 Kd6 35. a5 Kc6 36. e5 fxe5 37. fxe5 bxa5 38. Kb3 Kd7 39. Ka4 Ke6 40.
Kxa5 Kxe5 41. Kxa6 Kd4 42. Kb5 Ke3 43. Kxc5 Kf3 44. b4 Kxg3 45. b5 Kxg4 46. b6
Kh3 47. b7 g4 48. b8=Q g3 49. Qh8 g2 50. Qxh6+ Kg3 51. Qg5+ Kh2 52. Kd5 g1=N
53. Qxg1+ Kxg1 54. c5 Kf2 55. c6 Ke3 56. c7 Kd3 57. c8=Q Ke3 58. Qf5 Kd2 59.
Kd4 Ke2 60. Qf4 Kd1 61. Qf2 Kc1 62. Kc3 Kb1 63. Qb2# 1-0

[Event "Martin Jaeger mem."]
[Site "Winnipeg CAN"]
[Date "2023.01.10"]
[Round "1.5"]
[White "Trueman, Francis"]
[Black "Minano, John"]
[Result "0-1"]
[WhiteElo "1443"]
[BlackElo "1719"]
[PlyCount "84"]
[EventDate "2023.01.10"]
[EventType "swiss"]
[EventRounds "4"]
[EventCountry "CAN"]

1. Nf3 Nf6 2. d3 g6 3. g3 Bg7 4. Bg2 d6 5. O-O O-O 6. Nbd2 c6 7. Re1 Nbd7 8. e4
e5 9. Qe2 Nc5 10. a4 Bg4 11. Nc4 Qc7 12. Be3 Bxf3 13. Bxf3 Ne6 14. Rad1 Nd7 15.
c3 f5 16. exf5 gxf5 17. d4 e4 18. Bg2 d5 19. Ne5 Nxe5 20. dxe5 Bxe5 21. f4 Bf6
22. Bh3 Bg7 23. Kh1 Rf6 24. Rg1 Qf7 25. g4 fxg4 26. Bxg4 Nxf4 27. Bxf4 Rxf4 28.
Qe3 Kh8 29. Qg3 Qf6 30. c4 Rd8 31. cxd5 cxd5 32. Rd4 Rxg4 33. Qxg4 Qf3+ 34.
Qxf3 exf3 35. Rd2 Rf8 36. Rf1 Be5 37. Rd3 f2 38. Rxd5 Bxb2 39. Kg2 Rg8+ 40. Kh1
Rg4 41. Rb5 Bd4 42. Rb4 Rg1+ 0-1

[Event "Martin Jaeger mem."]
[Site "Winnipeg CAN"]
[Date "2023.01.10"]
[Round "1.7"]
[White "Mandusic, Ante"]
[Black "MacPherson, Al"]
[Result "0-1"]
[WhiteElo "1218"]
[BlackElo "1661"]
[PlyCount "68"]
[EventDate "2023.01.10"]
[EventType "swiss"]
[EventRounds "4"]
[EventCountry "CAN"]

1. e4 c5 2. d3 d6 3. Be3 Nf6 4. Nc3 Nc6 5. Be2 a6 6. Nf3 b5 7. O-O e6 8. a3 Be7
9. Qe1 Bb7 10. Nb1 Qc7 11. b4 O-O 12. bxc5 dxc5 13. Nbd2 Rfd8 14. g3 e5 15. c4
Nd4 16. Bd1 Bc8 17. Nxd4 cxd4 18. Bg5 Bh3 19. Bh4 Qd6 20. cxb5 Bxf1 21. Qxf1
axb5 22. a4 Nd7 23. Bxe7 Qxe7 24. Bc2 Rdc8 25. Bb3 Qb4 26. Qd1 Nc5 27. Qb1 Qxd2
28. Ra2 Qxd3 29. Qxd3 Nxd3 30. axb5 Rxa2 31. Bxa2 Nxf2 32. Kxf2 Rc2+ 33. Kf3
Rxa2 34. Kg4 d3 0-1

[Event "Martin Jaeger mem."]
[Site "Winnipeg CAN"]
[Date "2023.01.10"]
[Round "1.8"]
[White "Stordeur, Jackson"]
[Black "Kumbharathi, Harsha"]
[Result "1-0"]
[WhiteElo "1657"]
[BlackElo "893"]
[PlyCount "43"]
[EventDate "2023.01.10"]
[EventType "swiss"]
[EventRounds "4"]
[EventCountry "CAN"]

1. e4 c6 2. d4 d5 3. exd5 cxd5 4. c4 e6 5. Nc3 Nc6 6. Nf3 Nf6 7. Bd3 Bb4 8.
cxd5 Nxd5 9. Bd2 Qb6 10. Nxd5 Bxd2+ 11. Qxd2 exd5 12. O-O Nxd4 13. Nxd4 Qxd4
14. Bb5+ Bd7 15. Bxd7+ Kxd7 16. Qxd4 Kd8 17. Rfd1 Ke7 18. Qxg7 Rhg8 19. Re1+
Kd6 20. Qe5+ Kc6 21. Rac1+ Kd7 22. Qe7# 1-0